Racer untitled (Record no. 1638)

MARC details
000 -LEADER
campo de control de longitud fija 00412nam a2200133 4500
008 - DATOS DE LONGITUD FIJA--INFORMACIÓN GENERAL
campo de control de longitud fija 708 P538r
020 ## - NÚMERO INTERNACIONAL ESTÁNDAR DEL LIBRO
Número Internacional Estándar del Libro 0948252286
082 ## - NÚMERO DE LA CLASIFICACIÓN DECIMAL DEWEY
Número de clasificación 708
Número de ítem P538r
100 ## - ENTRADA PRINCIPAL--NOMBRE DE PERSONA
Nombre de persona Phelan, Garret et al (edición)
9 (RLIN) 6730
245 ## - MENCIÓN DEL TÍTULO
Título Racer untitled
260 ## - PUBLICACIÓN, DISTRIBUCIÓN, ETC.
Lugar de publicación, distribución, etc. Essex
Nombre del editor, distribuidor, etc. firstsite
Fecha de publicación, distribución, etc. 2006
300 ## - DESCRIPCIÓN FÍSICA
Extensión 140 p.
Otras características físicas ill (col)
Dimensiones 26.5 x 20 cm
650 ## - PUNTO DE ACCESO ADICIONAL DE MATERIA--TÉRMINO DE MATERIA
Subdivisión general arte contemporáneo
-- arte - videoarte
-- arte - exhibiciones
-- arte - fotografía
-- Irlanda
9 (RLIN) 6731
Holdings
Estatus retirado Estado de pérdida Fuente del sistema de clasificación o colocación Estado de daño No para préstamo Biblioteca de origen Biblioteca actual Ubicación en estantería Fecha de adquisición Total de préstamos Signatura topográfica completa Código de barras Visto por última vez Precio de reemplazo Tipo de ítem Koha
    Clasificación Decimal Dewey     Biblioteca LadoV Biblioteca LadoV   17/10/2018   708 P538r 000961 17/10/2018 17/10/2018 Material 01